Gaming Quiz

Random Gaming or Clickable Quiz

Click the real cod perks and pack a punched guns Quiz Stats

Quiz not verified by Sporcle

Challenge
Share
Tweet
Embed
Score 0/10 Timer 10:00
0 Plays Today
% Correct
juggernog
80.9%
double tap root beer
74.5%
quick revive
74.5%
PHD flopper
73.6%
Rocket propelled grievance
68.2%
dead specimen reactor 5000
67.3%
hades
61.8%
malevolent taxanomic anodized redeemer
56.4%
Synthetic dozen
51.8%
wn
43.6%

You're not logged in!

Compare scores with friends on all Sporcle quizzes.
Sign Up with Email
OR
Log In

You Might Also Like...

Show Comments

Extras

Top Quizzes Today


Score Distribution

Your Account Isn't Verified!

In order to create a playlist on Sporcle, you need to verify the email address you used during registration. Go to your Sporcle Settings to finish the process.